000 00347nam a22001457a 4500
008 230419b ||||| |||| 00| 0 eng d
020 _a21841139
041 _aeng
080 _a94
082 _a94WEL
100 _a28
101 _aHISTO
245 _aGLOBALIZATION OG THE ECONOMY UNEMPLOYMENT AND INNOVATION
_cWELFENS.J.J.P
942 _2udc
_cBK
999 _c59594
_d59594